MARC

LEADER 00000nam0a2200000 4500
001 327451
005 20231102003948.0
035 |a (RuTPU)RU\TPU\book\353135 
090 |a 327451 
100 |a 20170130d1959 m y0rusy50 ca 
101 0 |a rus 
102 |a RU 
105 |a a z 001zy 
200 1 |a Федор Степанович Рокотов  |f Н. П. Лапшина 
210 |a Москва  |c Искусство  |d 1959 
215 |a 247 с.  |c ил. 
225 1 |a Живопись. Скульптура. Графика. Монографии 
320 |a Библиогр.: с. 233-240 
600 1 |a Рокотов  |g Федор Степанович  |b Ф. С.  |c российский живописец  |f 1735-1808  |2 stltpush  |3 (RuTPU)RU\TPU\pers\569 
606 |a Живописцы  |2 stltpush  |3 (RuTPU)RU\TPU\subj\10834  |9 37852 
610 1 |a искусство 
610 1 |a живопись 
610 1 |a картины 
610 1 |a персоналии 
675 |a 75.071  |v 4 
700 1 |a Лапшина  |b Н. П.  |g Наталия Павловна 
801 1 |a RU  |b 63413507  |c 20170130 
801 2 |a RU  |b 63413507  |c 20180628  |g RCR 
942 |c BK